<?xml version="1.0" encoding="UTF-8"?>
<record
    xmlns:xsi="http://www.w3.org/2001/XMLSchema-instance"
    xsi:schemaLocation="http://www.loc.gov/MARC21/slim http://www.loc.gov/standards/marcxml/schema/MARC21slim.xsd"
    xmlns="http://www.loc.gov/MARC21/slim">

  <leader>00979nam a2200229Ia 4500</leader>
  <datafield tag="999" ind1=" " ind2=" ">
    <subfield code="c">35985</subfield>
    <subfield code="d">35985</subfield>
  </datafield>
  <controlfield tag="001">1884</controlfield>
  <controlfield tag="003">GE_BSU</controlfield>
  <controlfield tag="005">20221007150153.0</controlfield>
  <controlfield tag="008">181216s2007ru  xx |||||||||||||| ||rus||</controlfield>
  <datafield tag="020" ind1=" " ind2=" ">
    <subfield code="a">9785468000960</subfield>
  </datafield>
  <datafield tag="040" ind1=" " ind2=" ">
    <subfield code="c">GE_BSU</subfield>
  </datafield>
  <datafield tag="041" ind1=" " ind2=" ">
    <subfield code="a">rus</subfield>
  </datafield>
  <datafield tag="080" ind1=" " ind2=" ">
    <subfield code="a">342.4(100)(075.8) &#x415;-61</subfield>
  </datafield>
  <datafield tag="100" ind1=" " ind2=" ">
    <subfield code="a">&#x415;&#x43D;&#x433;&#x438;&#x431;&#x430;&#x440;&#x44F;&#x43D;, &#x420;. &#x412;.</subfield>
    <subfield code="9">15148</subfield>
  </datafield>
  <datafield tag="245" ind1=" " ind2=" ">
    <subfield code="a">&#x41A;&#x43E;&#x43D;&#x441;&#x442;&#x438;&#x442;&#x443;&#x446;&#x438;&#x43E;&#x43D;&#x43D;&#x43E;&#x435;    &#x440;&#x430;&#x437;&#x432;&#x438;&#x442;&#x438;&#x435; &#x432;  &#x441;&#x43E;&#x432;&#x440;&#x435;&#x43C;&#x435;&#x43D;&#x43D;&#x43E;&#x43C; &#x43C;&#x438;&#x440;&#x435;. &#x41E;&#x441;&#x43D;&#x43E;&#x432;&#x43D;&#x44B;&#x435; &#x442;&#x435;&#x43D;&#x434;&#x435;&#x43D;&#x446;&#x438;&#x438;   /</subfield>
    <subfield code="c">&#x420;.&#x412;. &#x415;&#x43D;&#x433;&#x438;&#x431;&#x430;&#x440;&#x44F;&#x43D;.</subfield>
  </datafield>
  <datafield tag="264" ind1=" " ind2=" ">
    <subfield code="a">&#x41C;&#x43E;&#x441;&#x43A;&#x432;&#x430; :</subfield>
    <subfield code="b">&#x41D;&#x43E;&#x440;&#x43C;&#x430;,</subfield>
    <subfield code="c">2007.</subfield>
  </datafield>
  <datafield tag="300" ind1=" " ind2=" ">
    <subfield code="a">496 &#x441;. :</subfield>
    <subfield code="b">21&#x441;&#x43C;.</subfield>
  </datafield>
  <datafield tag="653" ind1=" " ind2=" ">
    <subfield code="a">&#x41A;&#x43E;&#x43D;&#x441;&#x442;&#x438;&#x442;&#x443;&#x446;&#x438;&#x43E;&#x43D;&#x43D;&#x43E;&#x435;    &#x440;&#x430;&#x437;&#x432;&#x438;&#x442;&#x438;&#x435; &#x432;  &#x441;&#x43E;&#x432;&#x440;&#x435;&#x43C;&#x435;&#x43D;&#x43D;&#x43E;&#x43C; &#x43C;&#x438;&#x440;&#x435;.</subfield>
  </datafield>
  <datafield tag="653" ind1=" " ind2=" ">
    <subfield code="a">&#x10D9;&#x10DD;&#x10DC;&#x10E1;&#x10E2;&#x10D8;&#x10E2;&#x10E3;&#x10EA;&#x10D8;&#x10E3;&#x10E0;&#x10D8; &#x10D2;&#x10D0;&#x10DC;&#x10D5;&#x10D8;&#x10D7;&#x10D0;&#x10E0;&#x10D4;&#x10D1;&#x10D0; &#x10D7;&#x10D0;&#x10DC;&#x10D0;&#x10DB;&#x10D4;&#x10D3;&#x10E0;&#x10DD;&#x10D5;&#x10D4; &#x10DB;&#x10E1;&#x10DD;&#x10E4;&#x10DA;&#x10D8;&#x10DD;&#x10E8;&#x10D8;. &#x10EB;&#x10D8;&#x10E0;&#x10D8;&#x10D7;&#x10D0;&#x10D3;&#x10D8; &#x10E2;&#x10D4;&#x10DC;&#x10D3;&#x10D4;&#x10DC;&#x10EA;&#x10D8;&#x10D4;&#x10D1;&#x10D8;</subfield>
  </datafield>
  <datafield tag="653" ind1=" " ind2=" ">
    <subfield code="a">&#x10E1;&#x10D0;&#x10DB;&#x10D0;&#x10E0;&#x10D7;&#x10D0;&#x10DA;&#x10D8;</subfield>
  </datafield>
  <datafield tag="942" ind1=" " ind2=" ">
    <subfield code="c">BK</subfield>
    <subfield code="2">udc</subfield>
  </datafield>
  <datafield tag="952" ind1=" " ind2=" ">
    <subfield code="0">0</subfield>
    <subfield code="1">0</subfield>
    <subfield code="2">udc</subfield>
    <subfield code="4">0</subfield>
    <subfield code="6">34241000758_&#x415;61</subfield>
    <subfield code="7">0</subfield>
    <subfield code="9">34711</subfield>
    <subfield code="a">CPL</subfield>
    <subfield code="b">CPL</subfield>
    <subfield code="c">GEN</subfield>
    <subfield code="d">2018-12-17</subfield>
    <subfield code="g">20.00</subfield>
    <subfield code="o">342.4(100)(075.8) &#x415;-61</subfield>
    <subfield code="p">3893</subfield>
    <subfield code="r">2018-12-17</subfield>
    <subfield code="t">3893</subfield>
    <subfield code="w">2018-12-17</subfield>
    <subfield code="y">BK</subfield>
    <subfield code="z">20.00</subfield>
  </datafield>
</record>
